Tilastot visalle Valtiot, joilla on eniten saaria

Klikkaa tästä pelataksesi tätä visaa!

Yleistilastot

  • Tätä visaa on pelattu 2 340 kertaa
  • Keskiarvotulos 15 / 20

Vastaustilastot

#Valtio% Oikein
305Yhdysvallat
95%
388Kanada
92%
251Indonesia
89%
201Venäjä
89%
79Japani
88%
41Suomi
87%
116Norja
86%
95Australia
84%
62Kiina
84%
146Tanska
81%
101Yhdistynyt kuningaskunta
78%
87Filippiinit
77%
78Ranska
75%
40Brasilia
74%
86Kreikka
72%
37Meksiko
70%
157Chile
64%
52Papua-Uusi-Guinea
48%
48Etelä-Korea
39%
43Salomonsaaret
31%

Tulosjakauma

Persentiili vastausten määrän mukaan

Jokaisen tuloksen saaneiden osuus

Tuloshistoriasi

Et ole pelannut tätä visaa